• 首页
  • 本馆介绍
  • 公告通知
  • 最新文献
  • 馆藏检索
  • 电子资源
  • 读者导购
  • 参考咨询
  • 我的图书馆
  • 登录
  • 详细信息显示
  • 放入我的书架
  • 预约/预借图书
  • 作者相关作品
  • 分类相关作品
  • 丛书相关作品
  • 出版社相关作品

书目信息

  • 表格格式
  • 工作单格式
  • 卡片格式
题名:
富饶的海洋
    
 
作者: 海青 著
分册:  
出版信息: 天津   天津人民出版社  2003.06
页数: 131页
开本: 20cm
丛书名:
单 册:
中图分类: K918.44
科图分类:
主题词: 地理--世界
电子资源:
ISBN:
000 00505nam0 2200193 450
001 0631459437
005 20060819155306.54
010    @dCNY0.36
100    @a20060812d2003 km y0chiy0120 ea
101 0  @achi
102    @aCN@b120000
200 1  @a富饶的海洋@Afu rao de hai yang@f海青著@Fhai qing zhu
210    @a天津@c天津人民出版社@d2003.06
215    @a131页@d20cm
606 0  @a地理@x世界
690    @aK918.44@v3
701  0 @a海青@Ahai qing@4著
801  0 @aCN@bPFT@c20060819
905    @a10447@dK918.44@e123
    
    富饶的海洋/海青著.-天津:天津人民出版社,2003.06
    131页;20cm
    
    
    ISBN :CNY0.36
    
●
相关链接 在E读中查询图书 在五车中查询图书 在当当中查询图书 在豆瓣中查询图书


正题名:富饶的海洋     索取号:K918.44/123         预约/预借

序号 登录号 条形码 馆藏地/架位号 状态 备注
1 0455775   204557755   密集书库/ [索取号:K918.44/123] 在馆    
2 0455776   204557764   密集书库/ [索取号:K918.44/123] 在馆    
3 0471153   204711534   密集书库/ [索取号:K918.44/123] 在馆    
唐山师范学院图书馆 欢迎您!
大连网信软件有限公司© 版权所有